Distributed Operating system: concepts and design (Record no. 5066)

MARC details
000 -LEADER
fixed length control field 00446nam a22001697a 4500
005 - DATE AND TIME OF LATEST TRANSACTION
control field 20180206154509.0
008 - FIXED-LENGTH DATA ELEMENTS--GENERAL INFORMATION
fixed length control field 160701b xxu||||| |||| 00| 0 eng d
020 ## - INTERNATIONAL STANDARD BOOK NUMBER
ISBN 978-81-203-1380-4
041 ## - LANGUAGE CODE
Language code of text/sound track or separate title eng
082 ## - DEWEY DECIMAL CLASSIFICATION NUMBER
Item number 20373
Classification number 005.447 6
100 ## - MAIN ENTRY--AUTHOR NAME
Personal name Sinha Pradeep kumar
245 ## - TITLE STATEMENT
Title Distributed Operating system: concepts and design
260 ## - PUBLICATION, DISTRIBUTION, ETC. (IMPRINT)
Name of publisher PHI
Year of publication 2014
Place of publication delhi
300 ## - PHYSICAL DESCRIPTION
Number of Pages 730
650 ## - SUBJECT ADDED ENTRY--TOPICAL TERM
Topical Term Information Technology
942 ## - ADDED ENTRY ELEMENTS (KOHA)
Koha item type Books
Holdings
Lost status Damaged status Collection code Home library Current library Shelving location Date acquired Cost, normal purchase price Full call number Accession Number Koha item type
    Reference JRU Library   SHELF-30-C 01/07/2016 450.00 005.4476 20373 Books
    CS/IT JRU Library JRU Library SHELF-51-E 01/07/2016 450.00 005.447 6 20374 Books
    CS/IT JRU Library JRU Library SHELF-51-E 01/07/2016 450.00 005.447 6 20375 Books
    CS/IT JRU Library JRU Library SHELF-51-E 01/07/2016 450.00 005.447 6 20376 Books
    CS/IT JRU Library JRU Library SHELF-51-E 01/07/2016 450.00 005.447 6 20377 Books